00250nam a2200109Ia 4500008004100000100001700041245003300058260000900091650001600100942000700116999001700123190216s9999||||xx |||||||||||||| ||und|| aBhattacharya 0aFirst Course In Group Theory bNull aMathematics cBK c30634d30634